LIBRARY & INFORMATION CENTRE, KCAET, TAVANUR

ONLINE PUBLIC ACCESS CATALOGUE (OPAC)

Parisheelanam, Part 2 / (Record no. 6003)

MARC details
000 -LEADER
fixed length control field 00413cam a2200169ua 4500
041 ## - LANGUAGE CODE
Language code of text/sound track or separate title mal
082 ## - DEWEY DECIMAL CLASSIFICATION NUMBER
Classification number 928.94812
Item number GOR/PA
100 ## - MAIN ENTRY--AUTHOR NAME
Personal name Gorkey, Maxim .
245 ## - TITLE STATEMENT
Title Parisheelanam, Part 2 /
260 ## - PUBLICATION, DISTRIBUTION, ETC. (IMPRINT)
Place of publication Eranakulam :
Name of publisher Prabhath Book House ,
Year of publication 1957.
300 ## - PHYSICAL DESCRIPTION
Number of Pages 259 ; .
942 ## - ADDED ENTRY ELEMENTS (KOHA)
Koha item type Books
Holdings
Withdrawn status Lost status Damaged status Home library Current library Date acquired Full call number Accession Number Koha item type
Withdrawn     KAUAET Central Prison Tavanur 07/04/2012 928.94812 1266 Books
free website counter